Albert Schweitzer
Gardado en:
| Autor Principal: | |
|---|---|
| Formato: | Libro |
| Idioma: | Lingua castelá |
| Publicado: |
Buenos Aires
La Mandrágora
1954
|
| Subjects: | |
| Tags: |
Engadir etiqueta
Sen Etiquetas, Sexa o primeiro en etiquetar este rexistro!
|
MARC
| LEADER | 00000nam a2200000 a 4500 | ||
|---|---|---|---|
| 001 | UCL5160 | ||
| 003 | CL-VaPUC | ||
| 008 | 040305e19540000AG |||||||||||||||||spa|d | ||
| 082 | 0 | 4 | |a 923.6 |b FES |2 21 |
| 100 | 0 | |a Feschotte, Jacques |e author |9 482858 | |
| 245 | 1 | 0 | |a Albert Schweitzer |
| 300 | |a 124 p | ||
| 942 | |c BK | ||
| 945 | |d 20040305 00:00:00 |a vberengu | ||
| 260 | |a Buenos Aires |b La Mandrágora |c 1954 | ||
| 600 | 0 | 7 | |a SCHWEITZER, ALBERT 1875-1965 |2 CL-VaPUC |9 482859 |
| 650 | 7 | |a FILANTROPOS |2 CL-VaPUC |9 482860 | |
| 650 | 0 | |a Biografías |9 255210 | |
| 583 | |a last modification |c 20040305 00:00:00 |k Rodrigo Vera | ||
| 999 | |c 307828 |d 307826 | ||
| 952 | |0 0 |1 0 |4 0 |6 923_600000000000000_FES_1954 |7 0 |8 P |9 373959 |a BIBTEO |b BIBTES |c TEO_FTES |d 2019-11-21 |i 2104709 |o 923.6 FES 1954 |p 2104709 |r 2024-01-18 |w 2019-11-21 |y BK |k ICR | ||